Continuing dialogues : (Record no. 98)

MARC details
000 -LEADER
campo de control de longitud fija 01375cam a2200385Ia 4500
001 - NÚMERO DE CONTROL
campo de control 6997207
003 - IDENTIFICADOR DE NÚMERO DE CONTROL
campo de control NMHJTQWA
005 - FECHA Y HORA DE LA ÚLTIMA TRANSACCIÓN
campo de control 20220326193249.0
008 - DATOS DE LONGITUD FIJA--INFORMACIÓN GENERAL
campo de control de longitud fija 090127s2008 sz a b 010 0deng d
020 ## - NÚMERO INTERNACIONAL ESTÁNDAR DEL LIBRO
Número Internacional Estándar del Libro 9783905829914
020 ## - NÚMERO INTERNACIONAL ESTÁNDAR DEL LIBRO
Número Internacional Estándar del Libro 3905829916
035 ## - NÚMERO DE CONTROL DEL SISTEMA
Número de control de sistema (OCoLC)ocn286495868
035 ## - NÚMERO DE CONTROL DEL SISTEMA
Número de control de sistema (OCoLC)286495868
035 ## - NÚMERO DE CONTROL DEL SISTEMA
Número de control de sistema (NNC)6997207
040 ## - FUENTE DE CATALOGACIÓN
Centro catalogador/agencia de origen BTCTA
Centro/agencia transcriptor BTCTA
Centro/agencia modificador YDXCP
-- OHX
-- BWX
-- NGA
-- OCLCQ
041 1# - CÓDIGO DE IDIOMA
Código de lengua del texto/banda sonora o título independiente eng
Código de lengua original ger
-- slv
-- rus
043 ## - CÓDIGO DE ÁREA GEOGRÁFICA
Código de área geográfica e-xv---
-- ee-----
050 #4 - SIGNATURA TOPOGRÁFICA DE LA BIBLIOTECA DEL CONGRESO
Número de clasificación N7255.S56
Número de ítem C66 2008
082 ## - NÚMERO DE LA CLASIFICACIÓN DECIMAL DEWEY
Número de clasificación 707
Número de ítem B479c
245 00 - MENCIÓN DEL TÍTULO
Título Continuing dialogues :
Resto del título a tribute to Igor Zabel /
Mención de responsabilidad, etc. edited by Christa Benzer, Christine Böhler, Christiane Erharter.
260 ## - PUBLICACIÓN, DISTRIBUCIÓN, ETC.
Lugar de publicación, distribución, etc. Zurich :
Nombre del editor, distribuidor, etc. JRP Ringier ;
Lugar de publicación, distribución, etc. [New York] :
Nombre del editor, distribuidor, etc. D.A.P./Distributed Art Publishers [distributor],
Fecha de publicación, distribución, etc. [2009]
300 ## - DESCRIPCIÓN FÍSICA
Extensión 213 p. :
Otras características físicas ill. (some col.) ;
Dimensiones 25 cm.
490 1# - MENCIÓN DE SERIE
Mención de serie Tranzit series
504 ## - NOTA DE BIBLIOGRAFÍA, ETC.
Nota de bibliografía, etc. "Igor Zabel bibliography: selected bibliography 1985-2005": (p. 201-212).
600 10 - PUNTO DE ACCESO ADICIONAL DE MATERIA--NOMBRE DE PERSONA
Nombre de persona Zabel, Igor.
9 (RLIN) 487
650 #0 - PUNTO DE ACCESO ADICIONAL DE MATERIA--TÉRMINO DE MATERIA
Término de materia o nombre geográfico como elemento de entrada Art, Slovenian
Subdivisión cronológica 20th century.
9 (RLIN) 488
650 #0 - PUNTO DE ACCESO ADICIONAL DE MATERIA--TÉRMINO DE MATERIA
Término de materia o nombre geográfico como elemento de entrada Art, East European
Subdivisión cronológica 20th century.
9 (RLIN) 489
Subdivisión de forma Arte eslovenio
-- Investigación - educación
700 1# - ENTRADA AGREGADA--NOMBRE PERSONAL
Nombre de persona Zabel, Igor.
9 (RLIN) 490
700 1# - ENTRADA AGREGADA--NOMBRE PERSONAL
Nombre de persona Benzer, Christa.
9 (RLIN) 491
700 1# - ENTRADA AGREGADA--NOMBRE PERSONAL
Nombre de persona Böhler, Christine.
9 (RLIN) 492
700 1# - ENTRADA AGREGADA--NOMBRE PERSONAL
Nombre de persona Erharter, Christiane.
9 (RLIN) 493
830 #0 - PUNTO DE ACCESO ADICIONAL DE SERIE-TÍTULO UNIFORME
Título uniforme Tranzit (Series)
9 (RLIN) 494
948 1# - PROCESAMIENTO DE INFORMACIÓN LOCAL (OCLC); DESIGNADOR DE PARTE DE LA SERIE (RLIN)
Designador de la parte de la serie, SPT (RLIN) 20090619
b (OCLC) c
c (OCLC) fra1
d (OCLC) SCMC
Holdings
Estatus retirado Estado de pérdida Fuente del sistema de clasificación o colocación Estado de daño No para préstamo Biblioteca de origen Biblioteca actual Ubicación en estantería Fecha de adquisición Total de préstamos Signatura topográfica completa Código de barras Visto por última vez Precio de reemplazo Tipo de ítem Koha
    Clasificación Decimal Dewey     Biblioteca LadoV Biblioteca LadoV   03/05/2014   707 B479c 000104 03/05/2014 03/05/2014 Material 01